书目信息 |
| 书名: | The theater experience | |
| 作者: | Edwin Wilson. | |
| 分册号: | ||
| 分册名: | 出版地: | New York : |
|
| 出版社: | The McGraw-Hill Companies | |
| 出版时间: | 1994. | |
| 页数: | xvi, 475 p. : | |
| 开本: | 24 cm. | |
| 丛书名: | ||
| 中图分类号: | ||
| 科图分类号: | ||
| 其他分类号: | J804 | |
| 主题词: | ||
| 电子资源: | ||
| 000 | 00952pam a2200289 a 450 | |
| 001 | E0759303375 | |
| 005 | 20070515173547.60 | |
| 008 | 961022s1994 a b 001 0 eng | |
| 010 | @a96037201 | |
| 020 | @a0-07-070685-9. | |
| 035 | @A(DLC) 96037201 | |
| 040 | @aDLC@beng@cDLC@dDLC | |
| 050 | 00 | @aPN1655@b.W57 1998 |
| 082 | 00 | @a792@2 21 |
| 090 | @aJ804 | |
| 099 | @dJ804@ex41=6 | |
| 100 | 1 | @aWilson, Edwin. |
| 245 | 14 | @aThe theater experience / @cEdwin Wilson. |
| 250 | @a6th ed. | |
| 260 | @aNew York :@bThe McGraw-Hill Companies,@c1994. | |
| 260 | @aBerkeley :@bBerkeley. | |
| 300 | @axvi, 475 p. :@bill. (some col.) ;@c24 cm. | |
| 504 | @aIncludes bibliographical references and index. | |
| 650 | 0 | @aTheater. |
| 906 | @a7@bcbc@corignew@d1@eocip@f19@gy-gencatlg | |
| 955 | @apc05 to ja00 10-22-96; jh08 10-23-96 (desc./subj.); jh20 10-24-96; CIP ver. jf03 to SL 08-07-97 | |
| 991 | @bc-GenColl@hPN1655@i.W57 1998@tCopy 1@wBOOKS | |
| The theater experience / / Edwin Wilson.-6th ed.-New York : : The McGraw-Hill Companies, , 1994.-Berkeley : : Berkeley. |
| xvi, 475 p. : : ill. (some col.) ; ; 24 cm. |
| Includes bibliographical references and index. |
| ISBN 0-07-070685-9. |
| ● |
| 相关链接 |
|
|
|
|
正题名:theater experience
索取号:J804/x41=6
 
预约/预借
| 序号 | 登录号 | 条形码 | 馆藏地/架位号 | 状态 | 备注 |
| 1 | 9725 | 300097259 | 第二样本阅览室/ [索取号:J804/x41=6] | 在馆 | |
| 2 | 9726 | 300097268 | 第四借阅区/ [索取号:J804/x41=6] | 在馆 | |
| 3 | 9727 | 300097277 | 第四借阅区/ [索取号:J804/x41=6] | 在馆 | |
| 4 | 9728 | 300097286 | 第四借阅区/ [索取号:J804/x41=6] | 在馆 |